Central Library and Information Centre
Sibsagar Girls' College, Sivasagar : Assam

KRISHNAR KRAMABIKASH ARU ASOMIYA SAHITYA (Record no. 28697)

MARC details
000 -LEADER
fixed length control field 00377nam a22001337a 4500
005 - DATE AND TIME OF LATEST TRANSACTION
control field 20220608135954.0
008 - FIXED-LENGTH DATA ELEMENTS--GENERAL INFORMATION
fixed length control field 220608b ||||| |||| 00| 0 eng d
040 ## - CATALOGING SOURCE
Transcribing agency OCLC
082 ## - DEWEY DECIMAL CLASSIFICATION NUMBER
Edition number DDC
Classification number 200
Item number MAH
100 ## - MAIN ENTRY--PERSONAL NAME
Personal name MAHANTA, DR. ARUNDHATI
Relator term AUTHOR
245 ## - TITLE STATEMENT
Title KRISHNAR KRAMABIKASH ARU ASOMIYA SAHITYA
Medium ASSAMESE
260 ## - PUBLICATION, DISTRIBUTION, ETC.
Place of publication, distribution, etc. SIBSAGAR
Name of publisher, distributor, etc. KINJALIK PRAKASHAN
Date of publication, distribution, etc. 1998
942 ## - ADDED ENTRY ELEMENTS (KOHA)
Source of classification or shelving scheme Dewey Decimal Classification
Koha item type Books
Holdings
Withdrawn status Lost status Source of classification or shelving scheme Damaged status Not for loan Collection code Home library Current library Shelving location Date acquired Source of acquisition Full call number Barcode Date last seen Price effective from Koha item type Public note
    Dewey Decimal Classification     TBASM Central Library and Information Centre Sibsagar Girls College Central Library and Information Centre Sibsagar Girls College BBLMC 18.02.2022 BBMC 200 MAH 48391 08.06.2022 08.06.2022 Books Donated by Biren Borkotoky Family


Sibsagar Girl's College © 2020. All rights reserved.
Powered by Koha.
Maintained by Abhijit Borpuzari.